Agent of vega (Record no. 1504)

000 -LEADER
fixed length control field 00553nam a22001937a 4500
005 - DATE AND TIME OF LATEST TRANSACTION
control field 20210416110812.0
008 - FIXED-LENGTH DATA ELEMENTS--GENERAL INFORMATION
fixed length control field 210217b1983 ||||| |||| 00| 0 eng d
020 ## - INTERNATIONAL STANDARD BOOK NUMBER
International Standard Book Number 0441010768
040 ## - CATALOGING SOURCE
Transcribing agency DLC
041 ## - LANGUAGE CODE
Language code of text/sound track or separate title eng
080 ## - UNIVERSAL DECIMAL CLASSIFICATION NUMBER
Universal Decimal Classification number 821.111
Item number S-34
100 ## - MAIN ENTRY--PERSONAL NAME
9 (RLIN) 943
Personal name Shmit.James H
245 ## - TITLE STATEMENT
Title Agent of vega
Statement of responsibility, etc. / by: Ace Science Fiction Books
260 ## - PUBLICATION, DISTRIBUTION, ETC.
Place of publication, distribution, etc. Nev York
Name of publisher, distributor, etc. Ace Science Fiction Books
Date of publication, distribution, etc. 1983
300 ## - PHYSICAL DESCRIPTION
Extent 186 p.:
650 #0 - SUBJECT ADDED ENTRY--TOPICAL TERM
9 (RLIN) 247
Topical term or geographic name entry element English literature
653 ## - INDEX TERM--UNCONTROLLED
Uncontrolled term ინგლისური ლიტერატურა
942 ## - ADDED ENTRY ELEMENTS (KOHA)
Source of classification or shelving scheme
Koha item type Books
Holdings
Withdrawn status Lost status Source of classification or shelving scheme Damaged status Not for loan Permanent location Current location Date acquired Inventory number Total Checkouts Full call number Barcode Date last seen Price effective from Koha item type
          Ken Walker International University Ken Walker International University 02/17/2021 2029   821.111 S-34 2029 02/17/2021 02/17/2021 Books
          Ken Walker International University Ken Walker International University 03/05/2021 1791   821.111 S-34 1791 03/05/2021 03/05/2021 Books

Powered by Koha